000 00801nam a2200229 i 4500
001 187281
003 SpMaBN
005 20250627063704.0
008 170523s1992 ck |||| | spa d
080 _a821.134.2(861)-84"19"
100 1 _aGómez Dávila, Nicolás,
_d1913-1994
_9162778
245 1 0 _aSucesivos escolios a un texto implícito /
_cNicolás Gómez Dávila.
260 _aSantafé de Bogotá :
_bInstituto Caro y Cuervo,
_c1992.
300 _a184 p. ;
_c20 cm.
490 1 _aLa granada entreabierta ;
_v60
650 0 4 _aMáximas y aforismos.
_914865
650 4 _aCitas.
_9149979
710 2 _aInstituto Caro y Cuervo.
_94806
830 0 _aLa granada entreabierta ;
_v60
_9192760
852 _aES-MaACL
_jL-31631
_z. - Donat. Viuda Antonio Tovar
999 _c187281
_d187281